| 000 | 01499nam a22002895i 4500 | ||
|---|---|---|---|
| 001 | 160450 | ||
| 003 | ES-MaACL | ||
| 005 | 20250725062544.0 | ||
| 008 | 990716s1794 it |||| | lat d | ||
| 040 |
_aCAV _bspa _cCAV |
||
| 080 | _a53 | ||
| 100 | 1 |
_aMusschenbroek, Peter van, _d1692-1761 _eaut _9130303 |
|
| 245 | 1 | 0 |
_aElementa physicae conscripta in usus academicos. _nTomus primus / _cconscripta ... a Petro van Musschenbroek ... dissertatio physico-historica De rerum corporearum origine, ac demum de rebus Caelestibus tractatus ; opera et studio V. Cl. Antonii Genuensis |
| 250 | _aEditio quinta veneta | ||
| 260 |
_aBassani ; prostant Venetiis : _bapud Remondini, _c1794 |
||
| 300 |
_a451 páginas, [XI] hojas de láminas plegadas ; _c8º. |
||
| 597 | 1 | _aSign.: A-Dd8, Ee10. | |
| 650 | 7 |
_aFísica _2embne _912877 |
|
| 700 | 1 |
_aGenovesi, Antonio, _d1713-1769 _epbl _956347 |
|
| 700 | 1 |
_aRemondini, Giuseppe, _dfl.1773-1811 _eprm _9241383 |
|
| 752 |
_aItalia - _dBassano |
||
| 752 |
_aItalia - _dVenecia |
||
| 852 |
_aES-MaACL _cDEPO _dOlim: G-8673-74 _fEx-libris ms. de Manuel María del Mármol _gAn. ms.: "En los exámenes generales de física celebrados en la Universidad de Sevilla, los días 23 y 24 de abril de 1819, se adjudicó esta obra y el Compendio de la metaphisica del Genovesi como premio a D. Manuel Gallardo. Sevilla, 24 de abril de 1819" _jR-962-63 _xPiel |
||
| 942 |
_cMONANT _n0 |
||
| 999 |
_c160450 _d160450 |
||